000 00241nam a22000977a 4500
008 140218t xxu||||| |||| 00| 0 eng d
100 _aWren & Martin
_9748
245 _aHigh school english grammar & compusition
300 _a418
942 _2ddc
_cBK
999 _c17005
_d17005